Catalog

Record Details

Catalog Search



Available copies

  • 4 of 4 copies available at LARL/NWRL Consortium.
  • 3 of 3 copies available at Northwest Regional Library. (Show preferred library)

Current holds

0 current holds with 4 total copies.

Show Only Available Copies
Location Call Number / Copy Notes Barcode Shelving Location Status Due Date
Godel Memorial-Warren Library LAC (Text) 35500005183122 Main Available -
Hallock Public Library LAC (Text) 35500005673759 Main Available -
Roseau Public Library LAC (Text) 35500005673742 Main Available -
Moorhead Public Library LAC (Text) 33500012125654 Main Available -

Record details

  • ISBN: 9781605988566
  • ISBN: 1605988561
  • ISBN: 9780007419517 (hc.)
  • ISBN: 0007419511 (hc.)
  • Physical Description: pages ; cm
  • Publisher: [Place of publication not identified] : Pegasus Books, 2015.

Content descriptions

Summary, etc.:
"[A] new novel from a reclusive Fjallbacka ... Read More
"Christian Thydell's dream has come true. His ... Read More
Language Note:
In English. Translated from Swedish.
Subject: Novelists > Fiction.
Genre: Suspense fiction.
LDR 02913cam a2200397K 4500
001187853
003LARL_NWRL_CONSORTIUM
00520150814095910.0
008150219s2015 xx 000 f eng d
020 . ‡a9781605988566
020 . ‡a1605988561
020 . ‡a9780007419517 (hc.)
020 . ‡a0007419511 (hc.)
035 . ‡a(OCoLC)903634063
040 . ‡aYDXCP ‡beng ‡cYDXCP ‡dOCLCQ ‡dBDX ‡dWIM ‡dBTCTA ‡dWIM ‡dOCLCO
0411 . ‡aeng ‡hswe
08204. ‡a839.738 ‡223
1001 . ‡aLäckberg, Camilla, ‡d1974- ‡0(LARL_NWRL_CONSORTIUM)212066
24514. ‡aThe drowning ‡n#6 / ‡cCamilla Läckberg.
264 1. ‡a[Place of publication not identified] : ‡bPegasus Books, ‡c2015.
300 . ‡apages ; ‡ccm
336 . ‡atext ‡btxt ‡2rdacontent
337 . ‡aunmediated ‡bn ‡2rdamedia
338 . ‡avolume ‡bnc ‡2rdacarrier
4900 . ‡aPatrik Hedstrom ; ‡v6
546 . ‡aIn English. Translated from Swedish.
520 . ‡a"[A] new novel from a reclusive Fjallbacka resident has enraptured the community--but what secrets and tragedies are lurking behind the pages and threatening to come to life?" -- ‡cprovided by publisher.
520 . ‡a"Christian Thydell's dream has come true. His debut novel, The Mermaid, has been published to rave reviews. So why is he as distant and unhappy as ever? When crime writer Erica Falk, who helped Christian discover and develop his talents, learns he has been receiving anonymous threats, she investigates not just [the] messages but also the young [author's] mysterious past. Then, one of Christian's closet friends, Magnus, goes missing. Erica's husband, Detective Patrik Hedström, has his worst suspicions confirmed as the mind-games aimed at Christian become a disturbing reality. Christian's group of friends--a "gang of four" from childhood--is a tangled web of relationships, love triangles, and family secrets that Erica and Patrick must unravel in order to discover what really happened to Magnus and who is still threatening Christian. But, with the victims themselves concealing evidence, the investigation is going nowhere. Is their silence driven by fear or guilt? What is the secret they would rather die to protect than live to see revealed?" -- ‡cprovided by published.
650 0. ‡aNovelists ‡vFiction. ‡0(LARL_NWRL_CONSORTIUM)166351
655 0. ‡aSuspense fiction.
901 . ‡a187853 ‡bOCLC ‡c187853 ‡tbiblio

Additional Resources